000 00345nam a2200145Ia 4500
008 231217s9999 xx 000 0 und d
041 _aEnglish
082 _a294.5921 PAR
100 _aParamananda, Swami
245 0 _aVedanta in practice
260 _c1974
_bRamakrishna Math, Madras
300 _a110
650 _aVedanta
942 _cAA
999 _c165210
_d165210